|
|
|
|
| LEADER |
00727nab a2200205 i 4500 |
| 001 |
acta58196 |
| 005 |
20260513083332.0 |
| 008 |
191121s2018 hu o 000 eng d |
| 022 |
|
|
|a 1588-4082
|
| 024 |
7 |
|
|a 10.14232/abs.2018.1.83-105
|2 doi
|
| 040 |
|
|
|a SZTE Egyetemi Kiadványok Repozitórium
|b hun
|
| 041 |
|
|
|a eng
|
| 245 |
0 |
0 |
|a Dissertation summaries
|h [elektronikus dokumentum]
|
| 260 |
|
|
|a University of Szeged
|b Szeged
|c 2018
|
| 300 |
|
|
|a 83-105
|
| 490 |
0 |
|
|a Acta biologica Szegediensis
|v 62 No. 1
|
| 650 |
|
4 |
|a Természettudományok
|
| 650 |
|
4 |
|a Biológiai tudományok
|
| 695 |
|
|
|a Biológia - konferencia - előadáskivonatok
|
| 856 |
4 |
0 |
|u http://acta.bibl.u-szeged.hu/58196/1/biologica_062_numb_001_083-105.pdf
|z Dokumentum-elérés
|